Noción de Derecho económico y actividades económicas reguladas
Gardado en:
| Main Authors: | , |
|---|---|
| Formato: | Libro |
| Idioma: | Lingua castelá |
| Publicado: |
Santiago, Chile
Thomson Reuters- Legal Publishing
2019
|
| Edición: | 1a. ed |
| Series: | Monografías
|
| Subjects: | |
| Tags: |
Engadir etiqueta
Sen Etiquetas, Sexa o primeiro en etiquetar este rexistro!
|
MARC
| LEADER | 00000cam a2200000 a 4500 | ||
|---|---|---|---|
| 001 | UCC8791 | ||
| 003 | CL-VaPUC | ||
| 005 | 20230606124206.0 | ||
| 008 | 190814e20190000cl |||||||||||||||||spa|d | ||
| 999 | |c 375042 |d 375040 | ||
| 020 | |a 9789564000534 | ||
| 040 | |c Pontificia Universidad Católica de Valparaíso | ||
| 082 | 0 | 4 | |a 346.8307 AIM 2019 |2 21 |
| 100 | |a Aimone Gibson, Enrique |e autor |9 336 | ||
| 245 | 1 | 0 | |a Noción de Derecho económico y actividades económicas reguladas |
| 250 | |a 1a. ed | ||
| 260 | |a Santiago, Chile |b Thomson Reuters- |b Legal Publishing |c 2019 | ||
| 300 | |a 223 páginas | ||
| 440 | |a Monografías |9 856527 | ||
| 583 | |a last modification |c 20190814 14:59:00 |k Rodrigo Vera | ||
| 650 | 0 | |a Derecho económico |9 259197 | |
| 700 | 0 | |a Silva Walbaum, Adolfo |e author |9 603504 | |
| 852 | |a BIBDER | ||
| 942 | |c BK |2 ddc | ||
| 945 | |d 20190814 14:59:00 |a dcastane | ||
| 952 | |0 0 |1 0 |2 ddc |3 erb |4 0 |6 346_830700000000000_AIM_2019 |7 0 |8 A |9 493894 |a BIBDER |b BIBDER |d 2019-08-12 |e 46 |i 5558697 |l 2 |o 346.8307 AIM 2019 |p 5558697 |r 2023-01-25 |s 2022-05-23 |w 2019-11-24 |y BK |z Catalogado en:20190814 |k DER | ||
| 952 | |0 0 |1 0 |2 ddc |3 erb |4 0 |6 346_830700000000000_AIM_2019 |7 1 |8 C_LRYV |9 493895 |a BIBDER |b BIBDER |i 5560578 |o 346.8307 AIM 2019 |p 5560578 |r 2023-01-25 |w 2019-11-24 |y BK_X |z Catalogado en:20190906 |k BRV | ||